Geography Quiz

Random Geography or City Quiz
Score 0/24 Timer 06:00
1 Play Today
Municipality % Correct
San Bernardino
96.2%
Ontario
87.3%
Rancho Cucamonga
86%
Victorville
82%
Fontana
81.7%
Barstow
80.2%
Redlands
77.2%
Upland
74.5%
Rialto
73.3%
Apple Valley
73.2%
Chino
69.8%
Hesperia
68%
Municipality % Correct
Chino Hills
66.3%
Montclair
66.3%
Yucaipa
65.7%
Needles
62.3%
Colton
60.2%
Adelanto
59.8%
Highland
57.3%
Big Bear Lake
56.3%
Loma Linda
53%
Yucca Valley
53%
Twentynine Palms
51.8%
Grand Terrace
40%
Remove Ads.
Support Sporcle.
Get the best of Sporcle when you Go Orange. This ad-free experience offers more features, more stats, and more fun while also helping to support Sporcle. Thank you for becoming a member.

You're not logged in!

Compare scores with friends on all Sporcle quizzes.
OR
Log In

Show Comments

Extras

Top Quizzes Today


Score Distribution

Your Account Isn't Verified!

In order to create a playlist on Sporcle, you need to verify the email address you used during registration. Go to your Sporcle Settings to finish the process.

Report this User

Report this user for behavior that violates our Community Guidelines.

Details: